000 00359nam a22001697a 4500
020 _a978-1-4054-9169-3
082 _a823
_bPEY/B
100 _aPEYMANI, CHRISTINE
245 _aBRAATZ
246 _aPET PROJECT
246 _aJADE'S DREAM
260 _aUK
_bPARRAGON
_c2007
300 _a123
520 _aSHORT STORY
650 _aSHORT STORY
942 _cBK
999 _c3357
_d3357